| 000 | 01300nam0a22003011 4500 | ||
|---|---|---|---|
| 001 | rc\4595953 | ||
| 005 | 20250612125833.0 | ||
| 021 |
_aRU _b[67-33313] |
||
| 035 | _a(NLR Aleph) 008664163 | ||
| 090 |
_a9079984 _c9079984 |
||
| 100 | _a20130416d1967 |||y0rusy50 ca | ||
| 101 | 0 | _arus | |
| 102 | _aRU | ||
| 105 | _aa z ||||| | ||
| 200 | 1 |
_aИзмерение телефонных каналов, предназначенных для передачи данных _fМ-во связи СССР. Техн. упр. Новое в технике связи |
|
| 210 |
_aМосква _cСвязь _d1967 |
||
| 215 |
_a52 с. _cчерт. _d20 |
||
| 300 | _aПеред. загл. авт.: А.А. Мешков, П.В. Мельников, Л.И. Зубовский | ||
| 606 |
_aИнформация (мат.) _xПередача по каналам связи _2psbo |
||
| 606 |
_aКаналы связи _xИскажения _xИзмерение _2psbo |
||
| 700 | 1 |
_aМешков _bА.А. _gАнатолий Александрович |
|
| 701 | 1 |
_aЗубовский _bЛ.И. _gЛеонид Исаакович |
|
| 701 | 1 |
_aМельников _bП.В. _gПавел Вячеславович |
|
| 801 | 0 |
_aRU _bNLR _gpsbo |
|
| 801 | 1 |
_aRU _bELAR _2rusmarc |
|
| 852 |
_aNLR _j67-4/9488 |
||
| 942 | _cBOOK | ||
| 980 | _aNB | ||